000 00840nam a2200205 a 4500
003 0
005 20250310145118.0
008 080827s19uu xx 00 eng d
050 _aPGS QR 82.A444
_b.M397 2008
100 _aMasilungan, Juliana Maria A.
245 _aThe effect of Citrofortunella mitrocarpa on Staphylococcus aureus /
_cJuliana Maria A. Masilungan.
260 _aLas PiƱas City, Philippines :
_bSouthville International School and Colleges,
_c2008.
300 _a30 pages :
_billustrations ;
_c28 cm.
504 _aIncludes bibliographical references.
650 _aCitrofortunella microcarpa
_vAntimicrobial properties.
650 _aPlant extracts
_v Antibacterial activity.
650 _aStaphylococcus aureus
_vEffect of plant extracts.
650 _aMedicinal plants
_vPharmacology.
942 _2lcc
_cPASS
999 _c98019
_d98019